MARC

LEADER 00000nam0a2200000 4500
001 368547
005 20260423172103.0
035 |a (RuTPU)RU\TPU\retro\25929 
090 |a 368547 
100 |a 20220413d1979 m y0rusy50 ca 
101 0 |a rus 
102 |a RU 
105 |a a z 001zb 
200 1 |a Улица Ленина, 52  |f П. В. Колосков 
210 |a Ленинград  |c Лениздат  |d 1979 
215 |a 72 с.  |c ил. 
225 1 |a Мемореальные музеи В. И. Ленина в Ленинграде и Ленинградской области 
600 1 |a Ленин  |b В. И.  |c настоящая фамилия Ульянов  |c российский политический деятель  |f 1870-1924  |g Владимир Ильич  |2 stltpush  |3 (RuTPU)RU\TPU\pers\1074  |9 486 
606 |7 ca  |8 rus  |a Ленин В. И.  |x Увековечение памяти  |9 89251 
610 1 |a очерки 
610 1 |a путеводители 
610 1 |a мемориальные музеи 
610 1 |a музеи-квартиры 
610 1 |a Ленинград 
686 |a Т3(2)6-8Ленин358  |2 rubbk 
700 1 |a Колосков  |b П. В.  |g Павел Владимирович 
801 1 |a RU  |b 63413507  |c 20220413 
942 |c BK